000
00226 a2200097 4500
001
16819
100
_a
Clarke M J
245
_a
English Studies Series 2
260
_a
London
_b
Oxford University Press
_c
090
_c
12682
_d
12682
942
_a
NUST-CAE
_c
M
_c
2983
999
_c
251892
_d
251892